000 01191nam a2200313 a 4500
999 _c207058
_d207058
003 BLK
005 20250124132427.0
008 180411b bul|||||r ||||||| ||bul||
010 _aKNG00216809000
040 _aBLK
041 _aBUL
_cBUL
080 _aРуска литература
_b821.161.1
_x-2
_z821.161.1-2
100 1 _aГрибоедов, Александр Сергеевич
_eпърви автор
_9342802
139 _aГрибоедов, Александр Сергеевич
_bГ 81
245 1 0 _aОт ума си тегли
_bКомедия в 4 д. и стихове
_cАлександр Сергеевич Грибоедов; прев. от рус. Димитър Димитров Подвързачов.
257 _aBGR
260 _bХемус
_c1946
300 _a167 с.
_c17 см
380 _aX
700 _aПодвързачов, Димитър Димитров
_9371648
852 _aЦб І 2044
852 _aЦб 8.180.17645
_bЦб
856 4 _qpdf
856 4 _qpdf
942 _cKNG
_n0
_s1
_03
944 _aCR
_c06.03.2018
_k30535
_lХристина Везирева
944 _aED
_c06.03.2018
_kНора_Радева
999 _d207058